• 首页
  • 本馆介绍
  • 公告通知
  • 最新文献
  • 馆藏检索
  • 电子资源
  • 读者导购
  • 参考咨询
  • 我的图书馆
  • 登录
  • 详细信息显示
  • 放入我的书架
  • 预约/预借图书
  • 作者相关作品
  • 分类相关作品
  • 丛书相关作品
  • 出版社相关作品

书目信息

  • 表格格式
  • 工作单格式
  • 卡片格式
题名:
航空港
    
 
作者: 黑利 著 ;方正平 , 任家祯 译
分册:  
出版信息: 上海   上海译文出版社  1981
页数: 596页
开本: 19cm
丛书名:
单 册:
中图分类: I711.4
科图分类:
主题词: 长篇小说--加拿大--现代 , 文学
电子资源:
ISBN:
000 00771nam0 2200265 45
001 0181003157
005 20060819174530.28
010    @dCNY1.35
091    @a10188.175
100    @a19950410d1981 em y0chiy0121 ea
101 1  @achi@ceng
102    @aCN@b310000
105    @ay z 000ay
200 10 @a航空港@Ahang kong gang@f(加拿大)阿瑟·黑利著@F(jia na da)a se·hei li zhu@g任家祯, 方正平译
210    @a上海@c上海译文出版社@d1981
215    @a596页@d19cm
606    @a长篇小说@y加拿大@z现代
606 0  @a文学
690    @aI711.4
701  0 @a黑利@Ahei li@4著
702  0 @a方正平@Afang zheng ping@4译
702  0 @a任家祯@Aren jia zhen@4译
801  0 @aCN@b上海图书馆@c20060819
801  2 @aCN@bNLC@c20060310
905    @f1@b42103@f2@b42015-016@dI711.4@e345
    
    航空港/(加拿大)阿瑟·黑利著/任家祯, 方正平译.-上海:上海译文出版社,1981
    596页;19cm
    
    
    ISBN :CNY1.35
    
●
相关链接 在E读中查询图书 在五车中查询图书 在当当中查询图书 在豆瓣中查询图书


正题名:航空港     索取号:I711.4/345         预约/预借

序号 登录号 条形码 馆藏地/架位号 状态 备注
1 0042015   000127419   第二借阅区/ [索取号:I711.4/345] 在馆    
2 0042016   000127428   第一样本阅览室/ [索取号:I711.4/345] 在馆    
3 0042103   000127437   第二借阅区/ [索取号:I711.4/345] 在馆    
4 0042104   202196015   密集书库/ [索取号:I711.4/345] 在馆    
5 0042107   202196051   密集书库/ [索取号:I711.4/345] 在馆    
6 0470115   204701153   密集书库/ [索取号:I711.4/345] 在馆    
唐山师范学院图书馆 欢迎您!
大连网信软件有限公司© 版权所有